[Event "HUN-chT2 Charousek 1314"]
[Site "Hungary"]
[Date "2013.09.22"]
[Round "2"]
[White "Remete, Zsuzsa"]
[Black "Szepes, Tamas"]
[Result "1-0"]
[WhiteElo "2091"]
[BlackElo "2228"]
[PlyCount "61"]
[EventDate "2013.09.08"]
[EventType "team-tourn"]
[EventRounds "11"]
[EventCountry "HUN"]
[SourceTitle "EXT 2016"]
[Source "ChessBase"]
[SourceDate "2015.10.08"]
[SourceVersion "1"]
[SourceVersionDate "2015.10.08"]
[SourceQuality "1"]
[WhiteTeam "Szombathely Haladas II"]
[BlackTeam "Taban Spartacus"]
[WhiteTeamCountry "HUN"]
[BlackTeamCountry "HUN"]

1. e4 e5 2. Nf3 Nc6 3. Bb5 a6 4. Ba4 Nf6 5. 0-0 Be7 6. Re1 b5 7. Bb3 0-0 8. c3 d5 9. exd5 Nxd5 10. Nxe5 Nxe5 11. Rxe5 c6 12. d3 Bd6 13. Re4 Bf5 14. Nd2 Nf6 15. Rh4 g5 16. Qf3 Bg6 17. Re4 Nxe4 18. Nxe4 Bxe4 19. dxe4 Kg7 20. Qg4 h6 21. Be3 Qe7 22. h4 f6 23. Qf5 Rfe8 24. Rd1 Rad8 25. Bb6 Bc7 26. Rxd8 Bxd8 27. h5 Bxb6 28. Qg6+ Kh8 29. Bf7 Qf8 30. Bxe8 c5 31. e5 1-0

[Event "HUN-chT2 Charousek 1112"]
[Site "Hungary"]
[Date "2012.02.19"]
[Round "6"]
[White "Piroska, Istvan"]
[Black "Remete, Zsuzsa"]
[Result "1/2-1/2"]
[WhiteElo "2129"]
[BlackElo "2102"]
[PlyCount "94"]
[EventDate "2011.09.25"]
[EventType "team-tourn"]
[EventRounds "11"]
[EventCountry "HUN"]
[SourceTitle "EXT 2013"]
[Source "ChessBase"]
[SourceDate "2012.11.22"]
[SourceVersion "1"]
[SourceVersionDate "2012.11.22"]
[SourceQuality "1"]
[WhiteTeam "Penzugyor II"]
[BlackTeam "Haladas II"]
[WhiteTeamCountry "HUN"]
[BlackTeamCountry "HUN"]

1. e4 c5 2. Nf3 d6 3. d4 Nf6 4. Nc3 cxd4 5. Nxd4 g6 6. Be3 Bg7 7. f3 Nc6 8. Bc4 0-0 9. Qd2 Nd7 10. 0-0 Nb6 11. Be2 Ne5 12. b3 Bd7 13. a4 Rc8 14. a5 Na8 15. a6 b6 16. Ncb5 Bxb5 17. Nxb5 Nc6 18. Ra4 Nc7 19. Bh6 Bxh6 20. Qxh6 Nxb5 21. Bxb5 Ne5 22. f4 Ng4 23. Qh3 Nf6 24. Bd3 Rc5 25. f5 Kg7 26. Raa1 Re5 27. Rae1 b5 28. Qe3 Qc7 29. h3 d5 30. Bxb5 Rxe4 31. Qf2 Rb8 32. Bd3 Rxe1 33. Rxe1 Rb4 34. Qe3 Ne4 35. Bc4 dxc4 36. Qxe4 Qb6+ 37. Kh1 cxb3 38. Qxe7 Rb5 39. fxg6 Qxg6 40. cxb3 Qxa6 41. Rf1 Qg6 42. Qe3 Rb6 43. Qd4+ Kg8 44. Rc1 Qe6 45. Rc3 Rxb3 46. Rxb3 Qxb3 47. Qxa7 Qd1+ 1/2-1/2

[Event "HUN-chT2 Charousek 0910"]
[Site "Hungary"]
[Date "2010.04.18"]
[Round "10"]
[White "Papagorasz, Dorina"]
[Black "Remete, Zsuzsa"]
[Result "1-0"]
[WhiteElo "1838"]
[BlackElo "2089"]
[PlyCount "109"]
[EventDate "2009.11.08"]
[EventType "team-tourn"]
[EventRounds "11"]
[EventCountry "HUN"]
[SourceTitle "EXT 2011"]
[Source "ChessBase"]
[SourceDate "2010.11.26"]
[SourceVersion "1"]
[SourceVersionDate "2010.11.26"]
[SourceQuality "1"]
[WhiteTeam "Fehervar"]
[BlackTeam "Haladas II"]
[WhiteTeamCountry "HUN"]
[BlackTeamCountry "HUN"]

1. e4 c5 2. Nf3 d6 3. d4 Nf6 4. Nc3 cxd4 5. Nxd4 g6 6. Be2 Bg7 7. Be3 0-0 8. 0-0 Nc6 9. h3 Bd7 10. Qd2 Rc8 11. f4 Qc7 12. Bd3 a6 13. a3 Na5 14. f5 Nc4 15. Bxc4 Qxc4 16. Rad1 b5 17. Bh6 b4 18. axb4 Qxb4 19. Bxg7 Kxg7 20. Nd5 Qxd2 21. Rxd2 Nxe4 22. Rd3 Rc5 23. Nxe7 Re8 24. f6+ Nxf6 25. Rdf3 Rxe7 26. Rxf6 Be6 27. c3 a5 28. R1f2 Rb7 29. Rxe6 fxe6 30. Nxe6+ Kh6 31. Nxc5 dxc5 32. Kf1 c4 33. Ke1 a4 34. Kd1 a3 35. bxa3 Rb3 36. Ra2 Rxc3 37. a4 Rd3+ 38. Kc1 Kh5 39. a5 Rc3+ 40. Kb2 Rb3+ 41. Kc2 Rg3 42. Ra4 Rxg2+ 43. Kc3 Rg3+ 44. Kxc4 Rxh3 45. a6 Rf3 46. a7 Rf8 47. a8Q Rxa8 48. Rxa8 Kg4 49. Kd3 h5 50. Ra4+ Kg3 51. Ke2 g5 52. Kf1 Kh2 53. Ra5 h4 54. Rxg5 Kh3 55. Rh5 1-0

[Event "HUN-chT2 Charousek 0809"]
[Site "Hungary"]
[Date "2009.03.08"]
[Round "9"]
[White "Remete, Zsuzsa"]
[Black "Adam, Gyorgy"]
[Result "0-1"]
[WhiteElo "2111"]
[BlackElo "2067"]
[PlyCount "58"]
[EventDate "2008.10.26"]
[EventType "team-tourn"]
[EventRounds "11"]
[EventCountry "HUN"]
[SourceTitle "EXT 2010"]
[Source "ChessBase"]
[SourceDate "2010.11.25"]
[SourceVersion "1"]
[SourceVersionDate "2010.11.25"]
[SourceQuality "1"]
[WhiteTeam "Haladas II"]
[BlackTeam "Barcza"]
[WhiteTeamCountry "HUN"]
[BlackTeamCountry "HUN"]

1. e4 c5 2. Nf3 Nc6 3. d4 cxd4 4. Nxd4 Nf6 5. Nc3 g6 6. f4 d6 7. Nxc6 bxc6 8. e5 dxe5 9. Qxd8+ Kxd8 10. Bc4 Be6 11. Bxe6 fxe6 12. fxe5 Nd7 13. Bf4 Bg7 14. 0-0-0 Ke8 15. Ne4 Rf8 16. Bd2 h6 17. Rhf1 Rf5 18. g4 Rf7 19. h3 Nxe5 20. Rxf7 Kxf7 21. Rf1+ Kg8 22. Bb4 Rf8 23. Re1 Rf3 24. Nc5 Rxh3 25. Nxe6 Bf6 26. Nf4 Bg5 27. Bd2 Nf3 28. Rd1 Rh2 29. Be3 e5 0-1

[Event "HUN-chT2 Charousek 0809"]
[Site "Hungary"]
[Date "2009.01.11"]
[Round "5"]
[White "Kende, Gyorgy"]
[Black "Remete, Zsuzsa"]
[Result "1/2-1/2"]
[WhiteElo "2214"]
[BlackElo "2111"]
[PlyCount "48"]
[EventDate "2008.10.26"]
[EventType "team-tourn"]
[EventRounds "11"]
[EventCountry "HUN"]
[SourceTitle "EXT 2010"]
[Source "ChessBase"]
[SourceDate "2010.11.25"]
[SourceVersion "1"]
[SourceVersionDate "2010.11.25"]
[SourceQuality "1"]
[WhiteTeam "Honved"]
[BlackTeam "Haladas II"]
[WhiteTeamCountry "HUN"]
[BlackTeamCountry "HUN"]

1. e4 c5 2. Nf3 d6 3. Nc3 Nc6 4. Bc4 Nf6 5. d3 g6 6. 0-0 Bg7 7. h3 0-0 8. a4 Rb8 9. Be3 h6 10. Qd2 Kh7 11. d4 b6 12. Rad1 cxd4 13. Nxd4 Bb7 14. f4 Nxd4 15. Bxd4 Qc7 16. Bb3 e5 17. Be3 Nxe4 18. Nxe4 Bxe4 19. Qxd6 Qxd6 20. Rxd6 Rb7 21. c3 Re7 22. Rfd1 exf4 23. Bxf4 g5 24. Bg3 Bf5 1/2-1/2

[Event "HUN-chT2 Szechenyi 0607"]
[Site "Hungary"]
[Date "2007.04.29"]
[Round "9"]
[White "Vida, Jeno"]
[Black "Remete, Zsuzsa"]
[Result "0-1"]
[WhiteElo "1978"]
[BlackElo "2125"]
[PlyCount "96"]
[EventDate "2006.11.12"]
[EventType "team"]
[EventRounds "11"]
[EventCountry "HUN"]
[SourceTitle "EXT 2008"]
[Source "ChessBase"]
[SourceDate "2007.11.25"]
[SourceVersion "1"]
[SourceVersionDate "2007.11.25"]
[SourceQuality "1"]
[WhiteTeam "Kertvaros"]
[BlackTeam "Haladas II"]
[WhiteTeamCountry "HUN"]
[BlackTeamCountry "HUN"]

1. d4 Nf6 2. c4 c5 3. d5 e6 4. dxe6 fxe6 5. Nc3 d5 6. e3 Be7 7. Nf3 Nc6 8. Be2 0-0 9. 0-0 a6 10. a3 b6 11. Qc2 Ra7 12. Bd3 Bd6 13. e4 d4 14. Ne2 h6 15. Ng3 Raf7 16. h3 Qc7 17. Nh2 Nd7 18. f4 Bxf4 19. Bxf4 Rxf4 20. Rxf4 Qxf4 21. Nhf1 Nce5 22. Rd1 Bb7 23. Qe2 Nxd3 24. Rxd3 Ne5 25. Rd1 d3 26. Qe3 Nxc4 27. Qxf4 Rxf4 28. Rxd3 Bxe4 29. Rd8+ Kh7 30. b4 cxb4 31. axb4 Bd5 32. Ne2 Rf7 33. Nc3 Bb7 34. Rd4 b5 35. Ng3 Ne3 36. Rd6 Nxg2 37. Rxe6 Nf4 38. Re8 Nxh3+ 39. Kh2 Nf2 40. Nge2 Nd3 41. Nd4 Nxb4 42. Ne6 Nd5 43. Nxd5 Bxd5 44. Nf8+ Rxf8 45. Rxf8 b4 46. Rb8 b3 47. Rb6 a5 48. Ra6 Be4 0-1

[Event "San Agustin op 12th"]
[Site "Aviles"]
[Date "2007.??.??"]
[Round "2"]
[White "Aido Espina, Sergio"]
[Black "Remete, Zsuzsa"]
[Result "0-1"]
[WhiteElo "1662"]
[BlackElo "2116"]
[PlyCount "76"]
[EventDate "2007.08.04"]
[EventType "swiss"]
[EventRounds "9"]
[EventCountry "ESP"]
[SourceTitle "CBM 119 Extra"]
[Source "ChessBase"]
[SourceDate "2007.09.04"]
[SourceVersion "1"]
[SourceVersionDate "2007.09.04"]
[SourceQuality "1"]

1. e4 c5 2. Nc3 Nc6 3. g3 g6 4. Bg2 Bg7 5. d3 e6 6. Be3 d6 7. Nge2 Nd4 8. 0-0 Ne7 9. Qd2 0-0 10. Nd1 d5 11. f3 Rb8 12. c3 Nxe2+ 13. Qxe2 d4 14. Bf4 e5 15. Bd2 b5 16. Nf2 Ba6 17. b4 c4 18. Rfc1 Nc6 19. f4 Qd6 20. a3 Rfd8 21. Bf1 dxc3 22. Bxc3 exf4 23. gxf4 Bxc3 24. Rxc3 Qxf4 25. dxc4 bxc4 26. Rf3 Qe5 27. Qe1 Nd4 28. Rc3 Qf4 29. Bg2 Rb6 30. Rb1 Re6 31. Nh3 Qe5 32. Qe3 Ne2+ 33. Qxe2 Qxc3 34. Nf4 Rd2 35. Qg4 Qe3+ 36. Kh1 Rxe4 37. Bxe4 Qxe4+ 38. Kg1 Qxb1+ 0-1

[Event "San Agustin op 12th"]
[Site "Aviles"]
[Date "2007.??.??"]
[Round "6"]
[White "Cruz, Cristhian"]
[Black "Remete, Zsuzsa"]
[Result "1-0"]
[WhiteElo "2451"]
[BlackElo "2116"]
[PlyCount "43"]
[EventDate "2007.08.04"]
[EventType "swiss"]
[EventRounds "9"]
[EventCountry "ESP"]
[SourceTitle "CBM 119 Extra"]
[Source "ChessBase"]
[SourceDate "2007.09.04"]
[SourceVersion "1"]
[SourceVersionDate "2007.09.04"]
[SourceQuality "1"]

1. Nf3 Nf6 2. c4 d5 3. cxd5 Bf5 4. d3 c6 5. e4 Bg4 6. dxc6 Nxc6 7. Be2 e6 8. 0-0 Qc7 9. Nc3 Rd8 10. Be3 Qd7 11. Ne1 Bxe2 12. Qxe2 Bb4 13. a3 Ba5 14. Rc1 h6 15. b4 Bc7 16. d4 Bb6 17. Rd1 Nxd4 18. Bxd4 Bxd4 19. e5 Qc7 20. Rxd4 Rxd4 21. Nb5 Qd7 22. Nxd4 1-0

[Event "HUN-chT2 Szechenyi 0607"]
[Site "Hungary"]
[Date "2006.12.17"]
[Round "4"]
[White "Remete, Zsuzsa"]
[Black "Deak, Laszlo"]
[Result "1-0"]
[WhiteElo "2125"]
[BlackElo "2120"]
[PlyCount "45"]
[EventDate "2006.11.12"]
[EventType "team"]
[EventRounds "11"]
[EventCountry "HUN"]
[SourceTitle "EXT 2008"]
[Source "ChessBase"]
[SourceDate "2007.11.25"]
[SourceVersion "1"]
[SourceVersionDate "2007.11.25"]
[SourceQuality "1"]
[WhiteTeam "Haladas II"]
[BlackTeam "Zala Volan"]
[WhiteTeamCountry "HUN"]
[BlackTeamCountry "HUN"]

1. e4 a6 2. d4 b5 3. Bd3 Bb7 4. Qe2 e6 5. Nf3 c5 6. c3 cxd4 7. Nxd4 Nc6 8. 0-0 Nf6 9. Bg5 Be7 10. a4 Nxd4 11. cxd4 b4 12. Nd2 h6 13. Bh4 d5 14. e5 Nd7 15. Bxe7 Qxe7 16. Rac1 Nb8 17. Nb3 0-0 18. Na5 Rc8 19. Rxc8+ Bxc8 20. Rc1 Qd8 21. Rc5 Nd7 22. Nc6 Qb6 23. Ne7+ 1-0

[Event "EU-chT U18 Girls 6th"]
[Site "Balatonlelle"]
[Date "2006.07.15"]
[Round "4"]
[White "Traistaru, Teodora"]
[Black "Remete, Zsuzsa"]
[Result "1-0"]
[WhiteElo "2150"]
[BlackElo "2125"]
[PlyCount "71"]
[EventDate "2006.07.12"]
[EventType "team-swiss"]
[EventRounds "7"]
[EventCountry "HUN"]
[SourceTitle "EXT 2020"]
[Source "ChessBase"]
[SourceDate "2019.10.17"]
[SourceVersion "1"]
[SourceVersionDate "2019.10.17"]
[SourceQuality "1"]
[WhiteTeam "Romania U18 (W)"]
[BlackTeam "Hungary U18 (W) II"]
[WhiteTeamCountry "ROU"]
[BlackTeamCountry "HUN"]

1. e4 c5 2. Nc3 Nc6 3. Nf3 g6 4. Bb5 Bg7 5. Bxc6 bxc6 6. d3 d5 7. Qe2 Bg4 8. h3 Bxf3 9. gxf3 e6 10. h4 h5 11. Kf1 Bf6 12. Bf4 d4 13. Na4 Bxh4 14. Nxc5 Be7 15. Nb3 Bd6 16. Bxd6 Qxd6 17. e5 Qd5 18. c4 dxc3 19. bxc3 Ne7 20. d4 Nf5 21. Nc5 Qd8 22. Qa6 Qb6 23. Kg2 0-0 24. Qa3 Qd8 25. Qc1 Rb8 26. Ne4 Kg7 27. Nf6 Rh8 28. Qg5 Kf8 29. Rab1 Rc8 30. Rb7 Rc7 31. Rhb1 Ne7 32. Ne4 Qd7 33. Nc5 Rxb7 34. Nxd7+ Rxd7 35. Rb8+ Kg7 36. Qf6+ 1-0

[Event "HUN-chT2 Szechenyi 0506"]
[Site "Hungary"]
[Date "2006.04.23"]
[Round "11"]
[White "Remete, Zsuzsa"]
[Black "Gabor, Attila"]
[Result "1/2-1/2"]
[WhiteElo "2128"]
[BlackElo "1995"]
[PlyCount "73"]
[EventDate "2005.10.16"]
[EventType "team"]
[EventRounds "11"]
[EventCountry "HUN"]
[SourceTitle "EXT 2009"]
[Source "ChessBase"]
[SourceDate "2008.11.26"]
[SourceVersion "1"]
[SourceVersionDate "2008.11.26"]
[SourceQuality "1"]
[WhiteTeam "HVSE Infraplan II"]
[BlackTeam "Arboretum"]
[WhiteTeamCountry "HUN"]
[BlackTeamCountry "HUN"]

1. e4 e5 2. Nf3 Nc6 3. Bb5 d6 4. d4 Bd7 5. 0-0 exd4 6. Nxd4 Nxd4 7. Bxd7+ Qxd7 8. Qxd4 Ne7 9. Bf4 f6 10. Nc3 Nc6 11. Qd5 h5 12. Rad1 0-0-0 13. Nb5 g5 14. Be3 a6 15. Nd4 Re8 16. Nxc6 Qxc6 17. Qf5+ Kb8 18. Qxf6 Rg8 19. Rfe1 Bg7 20. Qf7 g4 21. c3 h4 22. Qd5 Qd7 23. Bf4 g3 24. hxg3 hxg3 25. Bxg3 Rh8 26. Qf5 Qd8 27. e5 Ref8 28. Qg4 Rfg8 29. Qe4 Rh6 30. exd6 cxd6 31. Qe7 Qxe7 32. Rxe7 Rgh8 33. Kf1 Bf8 34. Rf7 Ka7 35. Rd7 Re6 36. Kg1 Reh6 37. Kf1 1/2-1/2

[Event "HUN-chT2 Szechenyi 0506"]
[Site "Hungary"]
[Date "2006.04.09"]
[Round "10"]
[White "Remete, Zsuzsa"]
[Black "Jonas, Zsolt"]
[Result "1-0"]
[WhiteElo "2128"]
[BlackElo "2129"]
[PlyCount "57"]
[EventDate "2005.10.16"]
[EventType "team"]
[EventRounds "11"]
[EventCountry "HUN"]
[SourceTitle "EXT 2009"]
[Source "ChessBase"]
[SourceDate "2008.11.26"]
[SourceVersion "1"]
[SourceVersionDate "2008.11.26"]
[SourceQuality "1"]
[WhiteTeam "HVSE Infraplan II"]
[BlackTeam "Lovo"]
[WhiteTeamCountry "HUN"]
[BlackTeamCountry "HUN"]

1. e4 c5 2. Nf3 a6 3. c4 d6 4. d4 cxd4 5. Nxd4 Nf6 6. f3 e6 7. Be2 Nc6 8. Be3 Be7 9. 0-0 0-0 10. Nc3 Qc7 11. Qd2 Bd7 12. Rfc1 Rfd8 13. Nd5 exd5 14. cxd5 Qc8 15. dxc6 bxc6 16. b4 Qb7 17. Rab1 Rac8 18. Qd3 Ra8 19. Nb3 c5 20. bxc5 Bb5 21. Qc2 Rac8 22. Bxb5 axb5 23. c6 Qa6 24. Nd4 b4 25. Nf5 Bf8 26. Rxb4 Ra8 27. Rb6 Qa3 28. Rb3 Qa5 29. Bb6 1-0

[Event "HUN-chT2 Szechenyi 0506"]
[Site "Hungary"]
[Date "2006.02.12"]
[Round "7"]
[White "Somlan, Robert"]
[Black "Remete, Zsuzsa"]
[Result "0-1"]
[WhiteElo "2166"]
[BlackElo "2128"]
[PlyCount "21"]
[EventDate "2005.10.16"]
[EventType "team"]
[EventRounds "11"]
[EventCountry "HUN"]
[SourceTitle "EXT 2009"]
[Source "ChessBase"]
[SourceDate "2008.11.26"]
[SourceVersion "1"]
[SourceVersionDate "2008.11.26"]
[SourceQuality "1"]
[WhiteTeam "Lenti"]
[BlackTeam "HVSE Infraplan II"]
[WhiteTeamCountry "HUN"]
[BlackTeamCountry "HUN"]

1. e4 c5 2. f4 d5 3. e5 Nc6 4. Nf3 Bg4 5. Bb5 Qb6 6. Bxc6+ Qxc6 7. h3 Bf5 8. d3 h6 9. 0-0 e6 10. Nc3 Ne7 11. Ne2 0-1

[Event "HUN-ch U18 Girls"]
[Site "Balatonlelle"]
[Date "2005.07.06"]
[Round "10"]
[White "Remete, Zsuzsa"]
[Black "Rudolf, Anna"]
[Result "0-1"]
[WhiteElo "2067"]
[BlackElo "2207"]
[PlyCount "34"]
[EventDate "2005.06.29"]
[EventType "tourn"]
[EventRounds "11"]
[EventCountry "HUN"]
[SourceTitle "EXT 2008"]
[Source "ChessBase"]
[SourceDate "2007.11.25"]
[SourceVersion "1"]
[SourceVersionDate "2007.11.25"]
[SourceQuality "1"]

1. e4 e5 2. Nf3 Nc6 3. Bb5 f5 4. d4 fxe4 5. Nxe5 Nxe5 6. dxe5 c6 7. Bc4 Qa5+ 8. Nc3 Qxe5 9. Qe2 Nf6 10. f3 d5 11. Bd3 Bd6 12. fxe4 d4 13. Bd2 Bg4 14. Qf2 dxc3 15. Bxc3 Qe7 16. h3 Nxe4 17. Qe3 Bg3+ 0-1

[Event "HUN-chT 0405"]
[Site "Hungary"]
[Date "2005.04.24"]
[Round "11"]
[White "Meszaros, Katalin"]
[Black "Remete, Zsuzsa"]
[Result "0-1"]
[WhiteElo "1693"]
[BlackElo "2086"]
[PlyCount "38"]
[EventDate "2004.09.26"]
[EventType "team-tourn"]
[EventRounds "11"]
[EventCountry "HUN"]
[SourceTitle "EXT 2011"]
[Source "ChessBase"]
[SourceDate "2010.11.26"]
[SourceVersion "1"]
[SourceVersionDate "2010.11.26"]
[SourceQuality "1"]
[WhiteTeam "Honved"]
[BlackTeam "Haladas"]
[WhiteTeamCountry "HUN"]
[BlackTeamCountry "HUN"]

1. d4 d5 2. c4 e6 3. Nf3 Nf6 4. Bg5 Bb4+ 5. Nc3 dxc4 6. Qa4+ Nc6 7. e3 Qd5 8. Bxf6 gxf6 9. Qc2 b5 10. 0-0-0 Bxc3 11. Qxc3 a5 12. a3 Ba6 13. Qc2 b4 14. e4 Qd6 15. a4 b3 16. Qc3 Nb4 17. Kb1 Qc6 18. Nd2 Na2 19. Qxa5 c3 0-1

[Event "HUN-chT2 Szechenyi 0405"]
[Site "Hungary"]
[Date "2004.12.19"]
[Round "5"]
[White "Remete, Zsuzsa"]
[Black "Jonas, Zsolt"]
[Result "1/2-1/2"]
[WhiteElo "2086"]
[BlackElo "2121"]
[PlyCount "82"]
[EventDate "2004.09.26"]
[EventType "team"]
[EventRounds "11"]
[EventCountry "HUN"]
[SourceTitle "EXT 2009"]
[Source "ChessBase"]
[SourceDate "2008.11.26"]
[SourceVersion "1"]
[SourceVersionDate "2008.11.26"]
[SourceQuality "1"]
[WhiteTeam "Haladas II"]
[BlackTeam "Lovo"]
[WhiteTeamCountry "HUN"]
[BlackTeamCountry "HUN"]

1. e4 c5 2. Nf3 d6 3. d4 cxd4 4. Nxd4 Nf6 5. Nc3 a6 6. f4 e6 7. Be3 b5 8. Qf3 Bb7 9. a3 Nbd7 10. g4 Nc5 11. Bd3 d5 12. e5 Nfe4 13. Bxe4 Nxe4 14. f5 Be7 15. fxe6 0-0 16. Nxe4 dxe4 17. Qh3 Qd5 18. exf7+ Rxf7 19. e6 Rff8 20. 0-0-0 b4 21. axb4 Bxb4 22. Kb1 Qc4 23. Bg5 e3 24. b3 Qc3 25. Rd3 Qc5 26. Nf5 Rxf5 27. gxf5 Bxh1 28. Bxe3 Qc6 29. Bd4 Rc8 30. Qf1 Qxc2+ 31. Ka1 Qc1+ 32. Qxc1 Rxc1+ 33. Kb2 Rc8 34. Rg3 g6 35. fxg6 h6 36. Rh3 Be4 37. Rxh6 Rc2+ 38. Ka1 Rc1+ 39. Kb2 Rc2+ 40. Ka1 Rc1+ 41. Ka2 Rc2+ 1/2-1/2